000
00212nam a22000857a 4500
999
_c
6932
_d
6932
008
170620b xxu||||| |||| 00| 0 eng d
020
_a
978812374936
100
_9
3548
_a
Joshi. P. C
245
_a
Rebellion 1857
260
_a
New Delhi
_b
N. B. T
_c
2007